| 000 | 00552nam a2200169Ia 4500 | ||
|---|---|---|---|
| 008 | 240729s9999 xx 000 0 und d | ||
| 245 | 0 | _aJournal of Advanced Manufacturing Technology | |
| 260 | _aMalaysia | ||
| 260 | _bPenerbit Universiti, Universiti Teknikal Malaysia Melaka | ||
| 650 | _a Industrial engineering. Management engineering | Technology | ||
| 650 | _a Manufactures | ||
| 650 | _a Technology (General) | ||
| 650 | _aTechnology | ||
| 856 | _uhttps://doaj.org/toc/0f0eb5b322dc40448bf5f0e871a95f32 | ||
| 942 | _2ddc | ||
| 942 | _cDOAJEJ | ||
| 999 |
_c72405 _d72405 |
||
| 945 |
_a1 _bMadushi Gamage _c1 _dMadushi Gamage |
||